| 000 -LEADER |
| fixed length control field |
00900nam a2200229Ia 4500 |
| 001 - CONTROL NUMBER |
| control field |
12606 |
| 003 - CONTROL NUMBER IDENTIFIER |
| control field |
GE_BSU |
| 008 - FIXED-LENGTH DATA ELEMENTS--GENERAL INFORMATION |
| fixed length control field |
181216s||||||||xx |||||||||||||| ||und|| |
| 040 ## - CATALOGING SOURCE |
| Transcribing agency |
GE_BSU |
| 080 ## - UNIVERSAL DECIMAL CLASSIFICATION NUMBER |
| Universal Decimal Classification number |
631.587+632 |
| 100 ## - MAIN ENTRY--PERSONAL NAME |
| Personal name |
Васильченко,И.Т. Пидотти,О.А. |
| 245 ## - TITLE STATEMENT |
| Title |
Определитель сорных растении районов орошаемого земледелия |
| 245 ## - TITLE STATEMENT |
| Statement of responsibility, etc. |
Ред.В.А.Алексеева |
| 260 ## - PUBLICATION, DISTRIBUTION, ETC. |
| Place of publication, distribution, etc. |
Ленинград |
| 260 ## - PUBLICATION, DISTRIBUTION, ETC. |
| Name of publisher, distributor, etc. |
Колос |
| 260 ## - PUBLICATION, DISTRIBUTION, ETC. |
| Date of publication, distribution, etc. |
1975 |
| 300 ## - PHYSICAL DESCRIPTION |
| Extent |
372стр.илл. |
| 300 ## - PHYSICAL DESCRIPTION |
| Dimensions |
указатель латинских названий семейств с.375с.120-122 |
| 300 ## - PHYSICAL DESCRIPTION |
| Accompanying material |
указатель русских названии семейств с.374 |
| 653 ## - INDEX TERM--UNCONTROLLED |
| Uncontrolled term |
Определитель сорных растении районов орошаемого земледелия |
| 942 ## - ADDED ENTRY ELEMENTS (KOHA) |
| Koha item type |
წიგნი |